What egg is it? - Statistics

General Stats
  • This quiz has been taken 9 times
  • The average score is 4 of 9
Answer Stats
Picture Hint Answer % Correct
Originated from SE Asia chicken
100%
These animals can run up to 70km/h ostrich
100%
The egg is also known as a mermaid's purse shark
67%
They have not evolved for millions of years crocodile
56%
Domesticated in Japan quail
44%
These animals return to the place they hatched to lay their eggs turtle
33%
The most frequent cause of death if these birds is cats robin
22%
The females are brown blackbird
11%
Similar in looks to a razorbill guillemot
0%
No matching quizzes found
Score Distribution
Percent of People with Each Score
Percentile by Number Answered
Your Score History
You have not taken this quiz